[Event "7th Gibtelecom Masters"]
[Site "Caleta ENG"]
[Date "2009.01.30"]
[Round "4"]
[White "Roiz, M."]
[Black "Sandipan, C."]
[Result "1-0"]
[WhiteElo "2647"]
[BlackElo "2568"]
[PlyCount "101"]
[EventDate "2009.01.27"]
[SourceDate "1999.07.01"]

1. Nf3 Nf6 2. c4 c6 3. d4 d5 4. e3 Bg4 5. h3 Bxf3 6. Qxf3 e6 7. Bd3 Bb4+ 8. Nd2
dxc4 9. Bxc4 Nbd7 10. O-O O-O 11. Rd1 Qe7 12. Ne4 Nxe4 13. Qxe4 Rad8 14. a3 Bd6
15. Bd2 Nf6 16. Qc2 e5 17. Ba5 b6 18. dxe5 Qxe5 19. Bc3 Qh2+ 20. Kf1 Nh5 21.
Qf5 g6 22. Qf3 Rde8 23. g4 Ng7 24. Ke2 Qf4 25. Qxf4 Bxf4 26. Rd7 Bb8 27. Bb4 c5
28. Bc3 Ne6 29. Bf6 Nd4+ 30. Bxd4 cxd4 31. Rxd4 Be5 32. Rd7 Rc8 33. Bb3 a5 34.
Rb1 Rc5 35. f4 Bg7 36. Kd3 Rb5 37. Bc4 Rxb2 38. Rxb2 Bxb2 39. a4 Ba3 40. h4 Kg7
41. g5 Bc5 42. Bd5 Bb4 43. Ke2 Kg8 44. e4 Kg7 45. Rb7 Bc5 46. Kf3 Kg8 47. Kg4
Kg7 48. f5 h5+ 49. Kf4 gxf5 50. exf5 Bf2 51. f6+ 1-0

[Event "Open A"]
[Site "Moscow RUS"]
[Date "2009.02.06"]
[Round "7"]
[White "Zubov, A UKR."]
[Black "Lastin, A."]
[Result "1/2-1/2"]
[WhiteElo "2574"]
[BlackElo "2643"]
[PlyCount "55"]
[EventDate "2009.01.31"]
[SourceDate "1999.07.01"]

1. d4 d5 2. c4 c6 3. Nf3 Nf6 4. e3 Bf5 5. Nc3 e6 6. Nh4 Be4 7. f3 Bg6 8. Qb3 b5
9. c5 Nbd7 10. a4 a6 11. Qa3 Rb8 12. axb5 axb5 13. Qa5 Bc2 14. Qxd8+ Kxd8 15.
g3 g5 16. Ng2 b4 17. Ne2 g4 18. fxg4 Nxg4 19. Nef4 e5 20. Bd3 b3 21. Bxc2 bxc2
22. Ne2 Bh6 23. Ra3 exd4 24. Nxd4 Nge5 25. Rc3 Bf8 26. O-O Bxc5 27. Rxc2 Kc7
28. Bd2 1/2-1/2

[Event "Open A"]
[Site "Moscow RUS"]
[Date "2009.02.06"]
[Round "7"]
[White "Bocharov, D."]
[Black "Pridorozhni, A."]
[Result "0-1"]
[WhiteElo "2647"]
[BlackElo "2515"]
[PlyCount "84"]
[EventDate "2009.01.31"]
[SourceDate "1999.07.01"]

1. d4 d5 2. c4 c6 3. Nf3 Nf6 4. e3 Bg4 5. Nc3 e6 6. h3 Bh5 7. g4 Bg6 8. Ne5
dxc4 9. Bxc4 Nbd7 10. Nxg6 hxg6 11. Bd2 Qb6 12. Qc2 Nd5 13. a3 N7f6 14. O-O-O
Nxc3 15. Bxc3 Nd5 16. Bd2 Qc7 17. e4 Nb6 18. Ba2 Bd6 19. e5 Be7 20. f4 Qd7 21.
Kb1 Nd5 22. Ka1 O-O-O 23. Bb1 Kb8 24. Bc1 Rc8 25. Qg2 Bd8 26. f5 gxf5 27. gxf5
Bb6 28. Rhf1 Rcg8 29. Rf3 Rh4 30. Rg3 a6 31. Rg4 Rgh8 32. Rxg7 Rxh3 33. fxe6
Qxe6 34. Qf2 Rh1 35. Rxh1 Rxh1 36. Bd2 Ka7 37. Be1 Qh6 38. Qxf7 Bc7 39. Bf2 Qc1
40. Qg6 Bb6 41. Bg1 Ba5 42. Qc2 Rxg1 0-1

[Event "Open A"]
[Site "Moscow RUS"]
[Date "2009.02.07"]
[Round "8"]
[White "Zhumabayev, R."]
[Black "Sargissian, G."]
[Result "1-0"]
[WhiteElo "2520"]
[BlackElo "2678"]
[PlyCount "63"]
[EventDate "2009.01.31"]
[SourceDate "1999.07.01"]

1. d4 d5 2. Nf3 Nf6 3. c4 c6 4. e3 e6 5. b3 Nbd7 6. Bd3 Bd6 7. Bb2 b6 8. Ne5
Bb7 9. f4 O-O 10. O-O c5 11. Nc3 cxd4 12. exd4 Bb4 13. Kh1 Rc8 14. Qe2 g6 15.
a3 Bd6 16. Nb5 Bb8 17. a4 Re8 18. Nc3 dxc4 19. bxc4 Nh5 20. Be4 Qh4 21. Kg1
Nxe5 22. fxe5 Ba6 23. g3 Qd8 24. Nb5 Ng7 25. d5 exd5 26. Bxd5 Ne6 27. Rf6 Rc5
28. Rd1 Qc8 29. Rdf1 Rxd5 30. cxd5 Qc5+ 31. Qf2 Qxd5 32. Rxg6+ 1-0

[Event "14th HIT Open"]
[Site "Nova Gorica SLO"]
[Date "2009.02.01"]
[Round "3"]
[White "Saric, A."]
[Black "Lenic, L."]
[Result "1/2-1/2"]
[WhiteElo "2514"]
[BlackElo "2548"]
[PlyCount "83"]
[EventDate "2009.01.31"]
[SourceDate "1999.07.01"]

1. Nf3 d5 2. d4 Nf6 3. c4 c6 4. e3 Bg4 5. h3 Bh5 6. cxd5 Bxf3 7. Qxf3 cxd5 8.
Bd3 e6 9. O-O Bd6 10. Nc3 Nc6 11. Rd1 O-O 12. Bd2 Rc8 13. Rac1 Qd7 14. Be1 Rfe8
15. Qe2 a6 16. f4 Be7 17. g4 Red8 18. a3 Ne8 19. Bf2 Bf6 20. Bc2 Nd6 21. Na4
Qe8 22. Nc5 g6 23. Bd3 Nb8 24. Be1 Rc6 25. a4 Rdc8 26. a5 R6c7 27. b4 Nc6 28.
Kg2 Qe7 29. Rb1 Na7 30. Bg3 Nab5 31. Rb3 Bh4 32. Bh2 f5 33. Rg1 Rc6 34. Kh1 Kh8
35. g5 Nc7 36. Bg3 Bxg3 37. Rxg3 b6 38. axb6 Rxb6 39. Rg1 Rcb8 40. Rgb1 Ne4 41.
Kg2 Kg7 42. Kh2 1/2-1/2

[Event "14th HIT Open"]
[Site "Nova Gorica SLO"]
[Date "2009.02.06"]
[Round "8"]
[White "Lenic, L."]
[Black "Sedlak, N."]
[Result "1-0"]
[WhiteElo "2548"]
[BlackElo "2592"]
[PlyCount "141"]
[EventDate "2009.01.31"]
[SourceDate "1999.07.01"]

1. d4 d5 2. c4 c6 3. Nf3 Nf6 4. e3 Bg4 5. h3 Bxf3 6. Qxf3 e6 7. Bd3 Nbd7 8. O-O
Bd6 9. Nc3 O-O 10. Rd1 Re8 11. Bd2 Qe7 12. Bf1 Rad8 13. Be1 dxc4 14. Bxc4 e5
15. dxe5 Nxe5 16. Qe2 Ng6 17. Bd3 Qe6 18. Bc2 Nh4 19. Rd2 Bc7 20. Rxd8 Rxd8 21.
Rd1 Re8 22. Bb3 Qe7 23. g3 Ng6 24. Kg2 b5 25. Bc2 h5 26. Qf3 Ne5 27. Qf5 Nc4
28. b3 Nb6 29. Qf3 h4 30. Qxc6 hxg3 31. fxg3 Be5 32. Qxb5 Rc8 33. Bf5 Bxc3 34.
Bxc8 Bxe1 35. Qd3 Ne8 36. Bf5 Bb4 37. Qe4 Kf8 38. Qxe7+ Kxe7 39. Be4 Nd6 40.
Bc6 f5 41. Kf3 a5 42. Ke2 Nf7 43. e4 fxe4 44. Bxe4 Nd7 45. Bc6 Nde5 46. Be4 Nd6
47. Bd3 Nc6 48. Rc1 Kd7 49. h4 Ba3 50. Rf1 Nd4+ 51. Kd2 Bb4+ 52. Ke3 Bc5 53.
Kf4 Ke7 54. Re1+ Kf6 55. g4 Ne6+ 56. Kg3 Bd4 57. g5+ Kf7 58. Bg6+ Kxg6 59.
Rxe6+ Kf5 60. Re7 g6 61. Kf3 Bc3 62. Rc7 Bb4 63. Ra7 Bc3 64. Ra8 Nf7 65. Rf8
Ke6 66. Re8+ Kf5 67. Rf8 Ke6 68. Rc8 Bb4 69. Rc6+ Kd5 70. Rxg6 Bd2 71. Ke2 1-0

[Event "5th Mayors Cup"]
[Site "?"]
[Date "2012.??.??"]
[Round "8"]
[White "Aleksandrov, A."]
[Black "Deviatkin, A."]
[Result "1/2-1/2"]
[WhiteElo "2605"]
[BlackElo "2575"]
[PlyCount "100"]
[EventDate "2012.??.??"]
[SourceDate "1999.07.01"]

1. d4 d5 2. c4 c6 3. Nf3 Nf6 4. e3 Bf5 5. Nc3 e6 6. Nh4 Bg6 7. Nxg6 hxg6 8. Bd3
Nbd7 9. O-O Bd6 10. h3 O-O 11. Qc2 e5 12. Qb3 exd4 13. exd4 dxc4 14. Qxc4 Nb6
15. Qb3 Bc7 16. Bxg6 Qxd4 17. Ne2 Qh4 18. Ng3 Rad8 19. a4 Nbd5 20. Bb1 Rfe8 21.
Ra3 Rd7 22. Nf5 Qb4 23. Qc2 Bf4 24. Rb3 Qe4 25. Qxe4 Nxe4 26. Bxf4 Nxf4 27. Re1
Nf6 28. Rxe8+ Nxe8 29. Ne3 a5 30. Bf5 Re7 31. Kf1 g6 32. Bc2 Nd6 33. g3 Nxh3
34. f4 Ne4 35. Bxe4 Rxe4 36. Kg2 Nxf4+ 37. gxf4 Rxf4 38. Rxb7 Rxa4 39. Kf3 Kg7
40. Ng4 g5 41. Ne5 Rf4+ 42. Ke3 c5 43. Nd3 Rf1 44. Nxc5 g4 45. Rb5 Rf5 46. Rxa5
g3 47. Ra1 Rxc5 48. Rg1 Rb5 49. Rxg3+ Kf6 50. Rg2 Ke5 1/2-1/2

[Event "35th Georgi Tringov Open"]
[Site "Plovdiv BUL"]
[Date "2013.02.10"]
[Round "9.2"]
[White "Cheparinov, I."]
[Black "Heberla, B."]
[Result "1/2-1/2"]
[WhiteElo "2709"]
[BlackElo "2545"]
[PlyCount "104"]
[EventDate "2013.02.03"]
[SourceDate "1999.07.01"]

1. d4 d5 2. c4 c6 3. Nf3 Nf6 4. e3 g6 5. Nc3 Bg7 6. Be2 O-O 7. O-O dxc4 8. Bxc4
Bg4 9. h3 Bxf3 10. Qxf3 Nbd7 11. Rd1 e5 12. d5 e4 13. Nxe4 Nxe4 14. Qxe4 Nb6
15. Rb1 Re8 16. Qc2 Nxc4 17. Qxc4 Re5 18. e4 Qe8 19. Be3 Rxe4 20. Qb3 b6 21.
dxc6 Qxc6 22. Rbc1 Qb7 23. Qb5 Re5 24. Qd3 Rae8 25. b3 h5 26. Qd7 R5e7 27. Qxb7
Rxb7 28. Rc6 Kh7 29. g4 Re5 30. Rd8 Rbe7 31. Kg2 Ra5 32. a4 Bh6 33. g5 Bxg5 34.
Bd4 f6 35. h4 Bxh4 36. Kh3 Rf5 37. Kxh4 Rf3 38. Rh8+ Kxh8 39. Bxf6+ Rxf6 40.
Rxf6 Kg7 41. Rc6 Kh6 42. Kg3 Re4 43. f4 Rb4 44. f5 Rg4+ 45. Kh3 Rg5 46. fxg6
Rxg6 47. Rc7 a5 48. b4 axb4 49. Rc4 Rg4 50. Rc6+ Rg6 51. Rc4 Rg4 52. Rc6+ Rg6
1/2-1/2

[Event "Asian Zone 3.3"]
[Site "Tagaytay City PHI"]
[Date "2013.01.29"]
[Round "9.2"]
[White "Gomez, Joh"]
[Black "Nguyen Ngoc Truong Son"]
[Result "0-1"]
[WhiteElo "2520"]
[BlackElo "2631"]
[PlyCount "88"]
[EventDate "2013.01.22"]
[SourceDate "1999.07.01"]

1. d4 d5 2. c4 c6 3. Nf3 Nf6 4. e3 Bg4 5. Qb3 Qb6 6. Nc3 e6 7. Nh4 Bh5 8. h3 g5
9. Nf3 h6 10. Bd3 Nbd7 11. g4 Qxb3 12. axb3 Bg6 13. Bxg6 fxg6 14. Bd2 Be7 15.
Ke2 a6 16. Ne1 e5 17. dxe5 Nxe5 18. Nd3 Nxd3 19. Kxd3 dxc4+ 20. bxc4 Kf7 21.
Kc2 b5 22. cxb5 cxb5 23. f3 Rhd8 24. Rhd1 Rac8 25. Kb1 b4 26. Ne4 Nxe4 27. fxe4
Rc6 28. Ra5 Bc5 29. b3 Ke6 30. Rc1 Rxd2 31. Rcxc5 Rxc5 32. Rxc5 Rd3 33. Rc6+
Ke5 34. Rxg6 Rxb3+ 35. Ka2 Rxe3 36. Rxh6 a5 37. Rh5 a4 38. Rxg5+ Kd4 39. Ra5
Re2+ 40. Kb1 a3 41. Rd5+ Kc3 42. Rd1 b3 43. Rg1 a2+ 44. Ka1 Kb4 0-1

[Event "Margaryan Mem 2013"]
[Site "Yerevan ARM"]
[Date "2013.01.15"]
[Round "9.2"]
[White "Benidze, D."]
[Black "Gabuzyan, H."]
[Result "1/2-1/2"]
[WhiteElo "2524"]
[BlackElo "2525"]
[PlyCount "89"]
[EventDate "2013.01.08"]
[SourceDate "1999.07.01"]

1. d4 d5 2. c4 c6 3. Nf3 Nf6 4. e3 Bg4 5. Nc3 e6 6. h3 Bxf3 7. Qxf3 Nbd7 8. Bd3
Bb4 9. Bd2 O-O 10. a3 Ba5 11. b4 Bc7 12. cxd5 exd5 13. g4 Qe7 14. g5 Ne8 15. h4
Nd6 16. Rc1 Nb6 17. Qh5 g6 18. Qg4 f5 19. gxf6 Qxf6 20. Qg2 Rae8 21. h5 g5 22.
Nb5 Nxb5 23. Bxb5 Re7 24. Bd3 h6 25. O-O a6 26. f4 Rg7 27. fxg5 Qxg5 28. Rxf8+
Kxf8 29. Bg6 Qxg2+ 30. Kxg2 Nc4 31. Rf1+ Kg8 32. Bc1 Bd8 33. e4 Bg5 34. Bxg5
hxg5 35. Rf6 dxe4 36. Re6 Kh8 37. Bxe4 Nxa3 38. d5 Nb5 39. dxc6 bxc6 40. Bxc6
Nd4 41. Re8+ Rg8 42. Rxg8+ Kxg8 43. Be4 Kg7 44. Kg3 Kf6 45. Kg4 1/2-1/2

[Event "Amplico ch-EUR Rapid"]
[Site "Warsaw POL"]
[Date "2012.12.15"]
[Round "4.9"]
[White "Volodin, Alek"]
[Black "Ragger, M."]
[Result "1/2-1/2"]
[WhiteElo "2506"]
[BlackElo "2655"]
[PlyCount "123"]
[EventDate "2012.12.15"]
[SourceDate "1999.07.01"]

1. d4 d5 2. c4 c6 3. e3 Nf6 4. Nf3 Bg4 5. Nc3 e6 6. h3 Bh5 7. g4 Bg6 8. Ne5
Nbd7 9. Nxg6 hxg6 10. Bd2 Bb4 11. Bg2 dxc4 12. g5 Nd5 13. e4 N5b6 14. O-O e5
15. d5 Nc5 16. a3 Bxc3 17. Bxc3 Qxg5 18. f4 exf4 19. Qd4 Ncd7 20. Qxg7 O-O-O
21. Bd2 Qe5 22. Qxe5 Nxe5 23. Bxf4 Nbd7 24. dxc6 bxc6 25. Rac1 Rde8 26. Rc3 Rh7
27. b3 cxb3 28. Rxb3 f6 29. Rc1 Re6 30. Bf1 Nb6 31. Rg3 Kb7 32. Rb3 Ned7 33.
Bg2 g5 34. Bg3 Ne5 35. a4 Kc8 36. a5 Na8 37. Bf1 Nc7 38. a6 Na8 39. Bc4 Rd6 40.
Bg8 Rg7 41. Bd5 Rc7 42. Bg8 Nb6 43. Rbc3 Na4 44. Rb3 c5 45. Bd5 Nb6 46. Bb7+
Kd7 47. Bf2 Nd3 48. Rd1 Nxf2 49. Rxd6+ Kxd6 50. Rxb6+ axb6 51. a7 Nxh3+ 52. Kh2
Rxb7 53. a8=Q Rh7 54. Qd5+ Kc7 55. Qg8 Rh4 56. Qg7+ Kb8 57. Qg8+ Kb7 58. Qd5+
Ka6 59. Qa2+ Kb5 60. Qb3+ Ka6 61. Qa4+ Kb7 62. Qd7+ 1/2-1/2

[Event "Doroshkevicha Mem Open 2012"]
[Site "Sochi RUS"]
[Date "2012.12.03"]
[Round "8"]
[White "Tregubov, P."]
[Black "Kryakvin, D."]
[Result "1-0"]
[WhiteElo "2601"]
[BlackElo "2583"]
[PlyCount "143"]
[EventDate "2012.11.26"]
[SourceDate "1999.07.01"]

1. d4 d5 2. Nf3 Nf6 3. c4 c6 4. e3 Bg4 5. h3 Bh5 6. cxd5 Bxf3 7. Qxf3 cxd5 8.
Nc3 e6 9. Bd3 Nc6 10. O-O Bd6 11. Bd2 O-O 12. Qe2 Rc8 13. Rad1 a6 14. Bb1 Qe7
15. Be1 Nd7 16. e4 dxe4 17. Nxe4 Nb6 18. Qd3 f5 19. Nxd6 Qxd6 20. Bc3 Nd5 21.
Rfe1 Rf6 22. Bd2 Rg6 23. a3 Rd8 24. Ba2 Kh8 25. Bc1 h6 26. Qf3 Qf8 27. Bf4 Qf6
28. Be5 Qg5 29. Kh2 h5 30. Bxd5 Rxd5 31. Bf4 Qf6 32. Qxh5+ Kg8 33. Be5 Qf7 34.
Qh4 Rh6 35. Qg3 Qd7 36. Rc1 Qe7 37. Bf4 Rh8 38. Qg6 Qf7 39. Qxe6 Rxd4 40. Qe3
Re4 41. Qg3 Rh5 42. f3 Rxe1 43. Rxe1 Kh7 44. Rd1 Qe7 45. Qe1 Qf7 46. Rd6 Qc4
47. Qd2 Ne7 48. Qd4 Qxd4 49. Rxd4 Ng6 50. Bd2 Ne5 51. Bc3 b5 52. Rd6 f4 53.
Rxa6 Nc4 54. g4 Rd5 55. Ra7 Rd3 56. Kg2 Ne3+ 57. Kf2 Nd5 58. Rxg7+ Kh6 59. Rd7
Kg5 60. Ba5 Kf6 61. h4 Ke6 62. Rb7 Rb3 63. Bc3 Nxc3 64. bxc3 Rb2+ 65. Kg1 Rb1+
66. Kg2 Rb2+ 67. Kf1 Kd5 68. g5 Ke6 69. g6 Rb1+ 70. Kg2 Rb2+ 71. Kh3 Rb1 72.
Kg4 1-0

[Event "WY BU18 2012"]
[Site "Maribor SLO"]
[Date "2012.11.12"]
[Round "5.2"]
[White "Anton Guijarro, D."]
[Black "Grigoryan, K2."]
[Result "1/2-1/2"]
[WhiteElo "2559"]
[BlackElo "2508"]
[PlyCount "107"]
[EventDate "2012.11.07"]
[SourceDate "1999.07.01"]

1. d4 d5 2. c4 c6 3. Nf3 Nf6 4. e3 Bf5 5. Nc3 e6 6. Nh4 Bg6 7. Nxg6 hxg6 8. g3
Nbd7 9. Qe2 dxc4 10. Bg2 e5 11. O-O Be7 12. Rd1 exd4 13. Rxd4 Qc7 14. Qxc4 Ne5
15. Qe2 O-O 16. b3 Rad8 17. Bb2 Bc5 18. Rdd1 Rfe8 19. Na4 Bd6 20. Rac1 g5 21.
Bd4 Qe7 22. Nc5 Neg4 23. h3 Ne5 24. Nd3 Nxd3 25. Rxd3 Be5 26. Rcd1 Bxd4 27.
Rxd4 Rxd4 28. Rxd4 Rd8 29. Qd2 Rxd4 30. Qxd4 c5 31. Qd3 g6 32. Bf3 Kg7 33. Kg2
b6 34. g4 Ne8 35. Qd5 Nd6 36. Qc6 Ne8 37. Qd5 Nd6 38. a4 Ne8 39. Kg1 Kf8 40.
Kf1 Nc7 41. Qc6 Ne6 42. Bd5 Nc7 43. Bc4 Ne6 44. a5 Nd8 45. Qa4 bxa5 46. Qxa5
Nc6 47. Qa1 Kg8 48. Qb1 Kg7 49. Qb2+ Kg8 50. Qd2 Ne5 51. Qd5 Nxc4 52. Qxc4 Qd6
53. Ke2 a6 54. Qd3 1/2-1/2

[Event "WY BU18 2012"]
[Site "Maribor SLO"]
[Date "2012.11.14"]
[Round "7.2"]
[White "Anton Guijarro, D."]
[Black "Gabuzyan, H."]
[Result "1/2-1/2"]
[WhiteElo "2559"]
[BlackElo "2500"]
[PlyCount "197"]
[EventDate "2012.11.07"]
[SourceDate "1999.07.01"]

1. d4 d5 2. c4 c6 3. Nf3 Nf6 4. e3 Bg4 5. h3 Bxf3 6. Qxf3 e6 7. Nc3 Nbd7 8. Bd3
Bb4 9. Qd1 O-O 10. Qb3 dxc4 11. Bxc4 c5 12. O-O cxd4 13. exd4 Qa5 14. Bd2 Nb6
15. Bd3 Rac8 16. a3 Bxc3 17. bxc3 Qd5 18. Rfb1 Rfd8 19. a4 Ne4 20. Be1 Nd6 21.
Qc2 h6 22. Qe2 Nbc4 23. Rb4 Re8 24. Rd1 e5 25. Bxc4 Nxc4 26. Rb5 Qc6 27. dxe5
a6 28. Rbd5 Qxa4 29. f4 a5 30. Kh2 Qb3 31. Bh4 Qxc3 32. Bf6 Kf8 33. Qg4 gxf6
34. Qh5 fxe5 35. Qxh6+ Kg8 36. Qg5+ Kf8 37. R1d3 Qxd3 38. Qh6+ Kg8 39. Rxd3
exf4 40. Qg5+ Kf8 41. Qh6+ Kg8 42. Qxf4 Ne5 43. Qg5+ Ng6 44. Rd7 Rc6 45. Rxb7
Kg7 46. Qxa5 Rf6 47. Qc3 Re5 48. Rb8 Kh7 49. Rb4 Ref5 50. Re4 Rf4 51. Re2 Rf2
52. Re4 R2f4 53. Re3 R6f5 54. Qd3 Rf6 55. Re5 Kg7 56. Rh5 Kg8 57. Ra5 Kh7 58.
Qe3 R6f5 59. Ra2 Re5 60. Qa7 Re7 61. Qb8 Re3 62. Ra8 Re6 63. Qg8+ Kh6 64. Ra2
Rf1 65. Rb2 Ra6 66. Rc2 Re6 67. Rb2 Ra6 68. Rd2 Re6 69. h4 Re4 70. g3 Ree1 71.
Kh3 Rh1+ 72. Rh2 Rhf1 73. h5 Kxh5 74. Kg2+ Kg5 75. Qd8+ Ne7 76. Qd2+ Kf5 77.
Rh5+ Ke6 78. Qa2+ Kd7 79. Qa7+ Ke6 80. Qb6+ Kd7 81. Ra5 Rg1+ 82. Kh3 f5 83.
Ra7+ Ke8 84. Qb8+ Kf7 85. Qb3+ Kg6 86. Qb6+ Kf7 87. Ra6 Rh1+ 88. Kg2 Kg8 89.
Qb3+ Kg7 90. Qc3+ Kh7 91. Qd4 Rhg1+ 92. Qxg1 Rxg1+ 93. Kxg1 Kg7 94. Kf2 Ng6 95.
Kf3 Kf7 96. Ke3 Kg7 97. Kf3 Kf7 98. Ra7+ Kf6 99. Ra6+ 1/2-1/2

[Event "XXVIII Voivoda Cup"]
[Site "Legnica POL"]
[Date "2012.11.22"]
[Round "1.5"]
[White "Romanishin, O."]
[Black "Sulypa, A."]
[Result "1/2-1/2"]
[WhiteElo "2530"]
[BlackElo "2510"]
[PlyCount "61"]
[EventDate "2012.11.22"]
[SourceDate "1999.07.01"]

1. Nf3 d5 2. d4 c6 3. c4 Nf6 4. e3 g6 5. Nc3 Bg7 6. Be2 O-O 7. O-O Bf5 8. Bd2
Nbd7 9. Rc1 dxc4 10. Bxc4 Bg4 11. Be2 c5 12. h3 cxd4 13. exd4 Bf5 14. Bf4 Nb6
15. Be5 Be6 16. Nb5 Bd7 17. Bc7 Qe8 18. Nc3 Bh6 19. Ra1 Nfd5 20. Bxb6 Nxb6 21.
Ne5 Rd8 22. Qb3 Ba4 23. Qb4 Bc6 24. Nxc6 Qxc6 25. Bf3 Qd7 26. Rad1 Bg7 27. a4
Rb8 28. a5 Nc8 29. Bg4 Qd6 30. Qb3 Qa6 31. Qb4 1/2-1/2

[Event "16th OIBM 2012"]
[Site "Bad Wiessee GER"]
[Date "2012.11.04"]
[Round "9.3"]
[White "Parligras, M."]
[Black "Volkov, Sergey1"]
[Result "1/2-1/2"]
[WhiteElo "2633"]
[BlackElo "2579"]
[PlyCount "26"]
[EventDate "2012.10.27"]
[SourceDate "1999.07.01"]

1. d4 d5 2. c4 c6 3. Nf3 Nf6 4. e3 Bf5 5. Nc3 e6 6. Nh4 Bg6 7. Nxg6 hxg6 8. Bd3
Nbd7 9. O-O a6 10. h3 dxc4 11. Bxc4 c5 12. Bb3 Bd6 13. Qf3 Rb8 1/2-1/2

[Event "TCh-ISL 2012-13"]
[Site "Reykjavik ISL"]
[Date "2012.10.06"]
[Round "2.3"]
[White "Socko, B."]
[Black "Kuzubov, Y."]
[Result "1/2-1/2"]
[WhiteElo "2619"]
[BlackElo "2615"]
[PlyCount "148"]
[EventDate "2012.10.05"]
[SourceDate "1999.07.01"]
[WhiteTeam "Vikingaklubburinn A"]
[BlackTeam "Taflfelag Bolungarvikur A"]

1. d4 d5 2. c4 c6 3. e3 Nf6 4. Nf3 g6 5. Nc3 Bg7 6. Be2 O-O 7. O-O dxc4 8. Bxc4
Bg4 9. h3 Bxf3 10. Qxf3 Nbd7 11. Rd1 e5 12. d5 e4 13. Nxe4 Nxe4 14. Qxe4 Nf6
15. Qf3 cxd5 16. Bxd5 Nxd5 17. e4 Qf6 18. Rxd5 Qxf3 19. gxf3 Rfc8 20. Be3 Bxb2
21. Rb1 Rc2 22. Rb5 Bf6 23. e5 Bg7 24. Rxb7 Bxe5 25. a4 a6 26. f4 Bc7 27. Rd1
Rc4 28. Rd7 Rc8 29. Ra7 a5 30. Kg2 Kf8 31. Kf3 Ke8 32. Rd5 Rd8 33. Rb5 Rd6 34.
Rbb7 Kd8 35. f5 Kc8 36. Bf4 Rc3+ 37. Kg2 Rdc6 38. Bxc7 Rxc7 39. Rxc7+ Rxc7 40.
Rxa5 Kd7 41. Rd5+ Kc6 42. Rd3 Ra7 43. Ra3 Ra5 44. fxg6 hxg6 45. Kf3 Kd5 46. Ke3
Kc4 47. Ra1 Re5+ 48. Kf4 Rf5+ 49. Kg4 Ra5 50. f4 Kd3 51. Rd1+ Ke3 52. Re1+ Kf2
53. Ra1 Ke3 54. h4 Kf2 55. Ra3 Ke2 56. Kg3 Kd2 57. Kf3 Kc2 58. Kg4 Kd2 59. Ra1
Ke3 60. Kg3 Ke2 61. Ra2+ Ke3 62. Ra3+ Ke2 63. Kg4 Kf2 64. f5 Rxf5 65. a5 Rh5
66. Rf3+ Kg2 67. Rg3+ Kf2 68. Rf3+ Kg2 69. Rxf7 Rxa5 70. Rb7 Ra4+ 71. Kg5 Kg3
72. Rb3+ Kg2 73. Rb1 Kg3 74. Rb3+ Kg2 1/2-1/2

[Event "TCh-CZE Extraliga 2012-13"]
[Site "Czech Republic CZE"]
[Date "2012.11.03"]
[Round "1.2"]
[White "Bulski, K."]
[Black "Dziuba, M."]
[Result "1/2-1/2"]
[WhiteElo "2549"]
[BlackElo "2602"]
[PlyCount "43"]
[EventDate "2012.11.03"]
[SourceDate "1999.07.01"]
[WhiteTeam "TJ Tatran Litovel"]
[BlackTeam "Labortech Ostrava"]

1. d4 d5 2. c4 c6 3. Nf3 Nf6 4. e3 Bg4 5. h3 Bh5 6. Nc3 e6 7. g4 Bg6 8. Ne5
dxc4 9. Bg2 Nbd7 10. Nxg6 hxg6 11. Qe2 Nb6 12. O-O Be7 13. Rd1 Qc7 14. e4 O-O
15. Be3 Rfe8 16. a4 a5 17. f4 Bb4 18. Qf2 Nbd7 19. Qe2 Nb6 20. Qf2 Nbd7 21. Qe2
Nb6 22. Qf2 1/2-1/2

[Event "NIT Nagpur GM Open 2012"]
[Site "Nagpur IND"]
[Date "2012.10.20"]
[Round "7.2"]
[White "Aleksandrov, A."]
[Black "Deviatkin, A."]
[Result "1-0"]
[WhiteElo "2602"]
[BlackElo "2588"]
[PlyCount "75"]
[EventDate "2012.10.16"]
[SourceDate "1999.07.01"]

1. d4 d5 2. c4 c6 3. Nf3 Nf6 4. e3 e6 5. Be2 Nbd7 6. Nbd2 Bd6 7. b3 O-O 8. Bb2
Ne4 9. Nxe4 dxe4 10. Nd2 f5 11. Qc2 Qe7 12. c5 Bc7 13. Nc4 Qg5 14. O-O-O b5 15.
cxb6 axb6 16. Kb1 Nf6 17. Ne5 Bb7 18. h4 Qh6 19. Nxc6 Bd6 20. b4 Nd5 21. b5 f4
22. Qxe4 fxe3 23. fxe3 Rf2 24. Rd2 Ra3 25. Rh3 Rxe3 26. Rxe3 Qxe3 27. Qxe3 Nxe3
28. Bc1 Rxg2 29. Bc4 Rg6 30. Bb3 Nd5 31. Rc2 Nc7 32. a4 Kf8 33. Bg5 Bg3 34. Rc3
Bxc6 35. bxc6 h6 36. Rf3+ Kg8 37. Rxg3 hxg5 38. hxg5 1-0

[Event "Baku Open 2012"]
[Site "Baku AZE"]
[Date "2012.09.24"]
[Round "3.1"]
[White "Alekseev, Evgeny"]
[Black "Esen, B."]
[Result "0-1"]
[WhiteElo "2682"]
[BlackElo "2588"]
[PlyCount "102"]
[EventDate "2012.09.22"]
[SourceDate "1999.07.01"]

1. d4 d5 2. Nf3 Nf6 3. c4 c6 4. e3 Bf5 5. Nc3 e6 6. Nh4 Be4 7. f3 Bg6 8. Qb3
Qc7 9. Bd2 Be7 10. Rc1 Nbd7 11. g3 Nb6 12. cxd5 exd5 13. Be2 a5 14. O-O a4 15.
Qd1 a3 16. b3 Rd8 17. Be1 O-O 18. f4 Be4 19. g4 Ne8 20. Nxe4 dxe4 21. Nf5 Nd5
22. Bc4 g6 23. Nxe7+ Qxe7 24. Bxd5 Rxd5 25. Rc4 Rb5 26. Qe2 Nc7 27. Bg3 Nd5 28.
f5 Ra8 29. Kh1 f6 30. Rcc1 Nb4 31. Rg1 Nd3 32. Rcf1 Rd5 33. h4 c5 34. dxc5 Rxc5
35. Qh2 Ra6 36. Bf4 Rac6 37. Bh6 Rc2 38. Qg3 Qc7 39. Qxc7 Rxc7 40. Rg2 Rc1 41.
Rxc1 Rxc1+ 42. Kh2 Ne1 43. Re2 Nf3+ 44. Kg3 g5 45. hxg5 fxg5 46. Bxg5 Nxg5 47.
Rd2 Rf1 48. Rd7 h6 49. Rd6 Rf3+ 50. Kg2 Nf7 51. Rg6+ Kf8 0-1

[Event "34th Rashid Nezhmetdinov Cup"]
[Site "Kazan RUS"]
[Date "2012.09.28"]
[Round "3.2"]
[White "Grigoriants, S RUS."]
[Black "Savchenko, B."]
[Result "1-0"]
[WhiteElo "2578"]
[BlackElo "2523"]
[PlyCount "107"]
[EventDate "2012.09.25"]
[SourceDate "1999.07.01"]

1. Nf3 d5 2. d4 Nf6 3. c4 c6 4. e3 g6 5. Nc3 Bg7 6. Bd3 O-O 7. O-O c5 8. dxc5
Nc6 9. h3 dxc4 10. Bxc4 Qa5 11. Bd2 Qxc5 12. Qe2 Ne5 13. Nxe5 Qxe5 14. Rac1 a6
15. f4 Qd6 16. e4 Be6 17. Bxe6 Qxe6 18. e5 Nd7 19. b3 g5 20. f5 Qxe5 21. Bxg5
e6 22. Qxe5 Bxe5 23. Ne4 exf5 24. Rxf5 f6 25. Rd1 Rf7 26. Bf4 Re8 27. Bxe5 Rxe5
28. Rxe5 Nxe5 29. Rd8+ Kg7 30. Nd6 Rf8 31. Nxb7 Rxd8 32. Nxd8 Nd3 33. Nc6 Nc1
34. Nb4 f5 35. Nxa6 Nxa2 36. Kf2 Kf6 37. Ke3 Ke5 38. Nc5 Nc3 39. Nd3+ Kd5 40.
Nb4+ Ke5 41. Nd3+ Kd5 42. Kf4 Ne2+ 43. Kg5 Nd4 44. b4 Ke4 45. Ne1 f4 46. h4 Nf5
47. b5 h6+ 48. Kh5 Kd5 49. Nd3 f3 50. gxf3 Kd6 51. f4 Kc7 52. Ne5 Kb6 53. Nf7
Ng3+ 54. Kxh6 1-0

[Event "TCh-SRB Prem 2012"]
[Site "Valjevo SRB"]
[Date "2012.09.18"]
[Round "2.1"]
[White "Ipatov, Alexander"]
[Black "Solak, D."]
[Result "0-1"]
[WhiteElo "2601"]
[BlackElo "2599"]
[PlyCount "76"]
[EventDate "2012.09.17"]
[SourceDate "1999.07.01"]
[WhiteTeam "SK Nis Nis"]
[BlackTeam "Novosadski SK DDOR"]

1. d4 c6 2. c4 d5 3. Nf3 Nf6 4. e3 Bf5 5. Nc3 e6 6. Nh4 Bg6 7. Nxg6 hxg6 8. Bd3
Nbd7 9. O-O Bd6 10. h3 Bc7 11. f4 dxc4 12. Bxc4 O-O 13. Qf3 Qe7 14. Bd2 c5 15.
Qxb7 cxd4 16. exd4 Bb6 17. Ne2 Rab8 18. Qf3 e5 19. Kh1 exd4 20. Ng3 Bc7 21. b4
Qd6 22. Bb3 Nb6 23. b5 Nbd5 24. a4 Rfe8 25. Qd3 Bb6 26. a5 Bc5 27. f5 Ne3 28.
Rf3 g5 29. Nf1 g4 30. hxg4 Nfxg4 31. Bxe3 Rxe3 32. Rxe3 Nf2+ 33. Kg1 Nxd3 34.
Rxd3 Rxb5 35. Nd2 Bb4 36. Nc4 Qf6 37. g4 Bc3 38. Rb1 Qh4 0-1